Administración de proyectos

Saved in:
Bibliografiske detaljer
Main Authors: Gray, Clifford F (Author), Larson, Erik W (Author)
Format: Bog
Sprog:spansk
Udgivet: Ciudad de México McGraw Hill 2009
Udgivelse:1a. ed
Fag:
Tags: Tilføj Tag
Ingen Tags, Vær først til at tagge denne postø!

MARC

LEADER 00000cam a2200000 a 4500
001 UCH3266
003 CL-VaPUC
008 090723e20090000MX |||||||||||||||||spa|d
020 |a 9789701072356 
082 0 4 |a 658.404  |b GRA  |2 21 
100 0 |a Gray, Clifford F  |e author  |9 538570 
700 0 |a Larson, Erik W  |e author  |9 538571 
245 1 0 |a Administración de proyectos 
250 |a 1a. ed 
300 |a 550 p 
942 |c BK 
945 |d 20090723 00:00:00  |a rbrito 
260 |a Ciudad de México  |b McGraw Hill  |c 2009 
500 |a De la 4a. ed en inglés 
500 |a Incluye Cd-Rom 
650 0 |a Gestión de proyectos  |9 260970 
650 7 |a ELABORACION DE PROYECTOS  |2 CL-VaPUC  |9 263839 
650 0 |a Planificación estratégica   |9 259735 
583 |a last modification  |c 20170510 01:21:23  |k Rodrigo Vera 
999 |c 334883  |d 334881 
952 |0 0  |1 0  |4 0  |6 658_404000000000000_GRA_2009  |7 0  |8 R  |9 424144  |a BIBENE  |b BIBENE  |d 2019-11-22  |i 4574451  |o 658.404 GRA 2009  |p 4574451  |r 2025-01-15  |w 2019-11-22  |y BK_R  |k ICO 
952 |0 0  |1 0  |4 0  |6 658_404000000000000_GRA_2009  |7 0  |8 R  |9 424145  |a BIBGIM  |b BIBGIM  |d 2019-11-22  |i 4628063  |o 658.404 GRA 2009  |p 4628063  |r 2025-01-15  |w 2019-11-22  |y BK_R  |k COM 
952 |0 0  |1 0  |4 0  |6 658_404000000000000_GRA_2009  |7 0  |8 R  |9 424146  |a BIBENE  |b BIBENE  |d 2019-11-22  |i 4648943  |o 658.404 GRA 2009  |p 4648943  |r 2025-01-15  |w 2019-11-22  |y BK_R  |k ICO 
952 |0 0  |1 0  |2 ddc  |3 erb  |4 0  |6 658_404000000000000_GRA_2009  |7 0  |8 A  |9 424147  |a BIBING  |b BIBING  |c RES  |i 5033098  |o 658.404 GRA 2009  |p 5033098  |r 2025-01-20  |w 2019-11-22  |y BK  |z Catalogado en:20131206  |k TRA